000 005720000a22001810004500
003 MACL
005 20160402120338.0
008 160402b xxu||||| |||| 00| 0 eng d
040 _aMACL
_cMACL
041 _aHindi
082 _a350
100 _aकैप्‍टन कमल किशोर
_949932
245 _aयुद्ध कालीन नागरिक सुरक्षा
260 _bअ्ग्रवाल प्रकाशन
_c2007
_aदिल्‍ली
350 _a295
650 _aFoot Forces & Welfare
_949933
942 _cHIN
_k356
_2ddc
999 _c11513
_d11513